000 00598nam a2200241Ia 4500
005 20250425161812.0
008 250425s9999 xx 000 0 und d
020 _a9701011732
041 _aspa
043 _amx
082 _a001.424
100 _aAZARANG ESFANDIARI, MOHAMMAD REZA
245 0 _aSIMULACION Y ANALISIS DE MODELOS ESTOCASTICOS
250 _a1A ED.
260 _aMEXICO
260 _aMéxico
_bMCGRAW-HILL
_c1996
300 _a282
650 _aINVESTIGACION DE OPERACIONES
650 _aMODELOS ESTOCASTICOS
650 _aSISTEMAS
942 _c01
010 _a30223
999 _c216391
_d216391